| 000 | 00899nam a2200253Ia 4500 | ||
|---|---|---|---|
| 003 | GCL | ||
| 008 | 140319s9999 xx 000 0 ara d | ||
| 040 |
_aGCL / _cGCL |
||
| 082 | 0 | 4 |
_a891.55 _bم ر |
| 100 | 1 | _aاحمد كمال يونس \\=aعبدالحميد الدواخلىv | |
| 245 | 1 | 0 |
_aرسائل فارسية / _cاحمد كمال يونس |
| 700 | 1 | _aمونتسكيو | |
| 260 |
_a[S.N] : _bدار سعاد الصباح ، _c1992 |
||
| 300 | _a366 ص | ||
| 490 |
_aالهيئة العامة للاستعلامات _v0 |
||
| 650 | 0 | 4 | _aالادب الفارسى |
| 650 | 0 | 4 | _aالرسائل الفرنسية المترجمة |
| 650 | 0 | 4 | _aالرسائل الفرنسية |
| 650 | 0 | 4 | _aالادب الفارسى المترجم |
| 650 | 0 | 4 | _aفرنسا - تاريخ |
| 650 | 0 | 4 | _aالرسائل الفلسفية |
| 650 | 0 | 4 | _aالرسائل الفارسية |
| 942 |
_2ddc _cBK |
||
| 999 |
_c30179 _d30179 |
||